[Event "Candidates sf"]
[Site "Elista"]
[Date "2007.05.29"]
[Round "1.3"]
[White "Carlsen, Magnus"]
[Black "Aronian, Levon"]
[Result "1-0"]
[WhiteElo "2693"]
[BlackElo "2759"]
[Annotator "Marin,Mihail"]
[PlyCount "81"]
[EventDate "2007.05.27"]
[EventType "k.o."]
[EventRounds "12"]
[EventCountry "RUS"]
[SourceTitle "CBM 119"]
[Source "ChessBase"]
[SourceDate "2007.08.01"]
[SourceVersion "1"]
[SourceVersionDate "2007.08.01"]
[SourceQuality "1"]

1. Nf3 Nf6 2. c4 b6 3. g3 c5 4. Bg2 Bb7 5. O-O e6 ({After his recent success in the rapid match against Kramnik, Aronian seems to like the Hedgehog more than his previous weapon - the double fianchetto:} 5... g6) 6. Nc3 Be7 7. Re1 d5 {However, this is a clear deviation from the Hedgehog structure.} ({A true Hedgehog adherent would always play} 7... d6 8. e4 a6 9. d4 cxd4 10. Nxd4 Qc7 {and, although Black is under strong pressure, his counterchances are not to be neglected.}) 8. cxd5 Nxd5 9. d4 $5 {A rare move.} ({The main continuation is considerd to be} 9. e4 Nb4 (9... Nxc3 10. bxc3 O-O 11. d4 {transposes to a relatively unpleasant (for Black) variation of the Queen's Indian, strongly advocated by Kramnik some 10 years ago. Among his "scalps" we can find such outstanding names as Anatoly Karpov (twice!)}) 10. d4 cxd4 11. Nxd4 N8c6 12. Nxc6 Qxd1 13. Rxd1 Bxc6 {and Black has managed to somewhat simplify the position, with good chances to maintain the balance even.}) 9... Nxc3 (9... cxd4 {is the main alternative.} 10. Qxd4 Nxc3 $6 {A premature release of the tension, helping White consolidate his advantage of development.} (10... O-O $1) 11. Qxc3 O-O 12. Bf4 $14 Bf6 13. Be5 Bxe5 $6 {Same comment.} (13... Nd7) 14. Nxe5 Bxg2 15. Kxg2 Qd5+ 16. Qf3 $1 Rd8 17. Red1 Qxf3+ 18. Kxf3 Na6 19. Nc6 $16 {Erdelyi,T (2365)-Delanoy,A (2210)/Kecskemet 1991/TD (1-0, 37). A typical Catalan ending. Major simplifications have only consolidated White's advantage. He has a wonderful knight on c6 and the more active king.}) 10. bxc3 Be4 $6 ({This is the only way to prevent the transposition to the aforementioned variation after} 10... O-O 11. e4 {. However, moving around with the bishop while several other pieces find themselves on their initial squares still will leave Black with big problems of development.}) 11. Ne5 $1 {It might seem that this exchange favours Black, who las less space, but White's initiative will soon become very threatening.} Bxg2 12. Kxg2 O-O 13. e4 Qc8 $146 (13... Qc7 14. Bf4 Bd6 15. Qf3 Nc6 {½-½ Dementiev,O (2490)-Gofshtein,L (2415)/Yerevan 1981/MCD. Slightly premature decision.} 16. Nxc6 Bxf4 (16... Qxc6 17. d5 exd5 18. e5 $1 Be7 19. c4 $16) 17. d5 $14) ({RR} 13... Qc7 14. Bf4 Bd6 15. Qf3 Nc6 {½-½ (15) Dementiev,O (2490)-Gofshtein,L Yerevan 1981}) ({RR} 13... Bf6 14. Nf3 Nc6 15. Be3 cxd4 16. cxd4 Na5 17. Qe2 Rc8 18. Rad1 Qd7 19. d5 Bc3 20. Bd2 Bxd2 21. Rxd2 Nc4 22. Rd4 b5 23. d6 e5 24. Rd5 f6 25. Red1 a6 26. Nh4 g6 27. f4 Rfe8 28. fxe5 {Mekhitarian,K (2563)-Iturrizaga Bonelli,E (2597) Chess.com INT 2020 0-1 (48)}) 14. Qg4 Bf6 15. Nf3 {e5, h6.} Kh8 16. h4 Nc6 (16... h6 {only weakens the kingside and does not prevent} 17. Bg5 $5 {in any way.}) 17. Bg5 $16 cxd4 {Black has to accept the deterioration of his kingside structure.} ({In the event of} 17... Bxg5 18. hxg5 {followed by h1, the black king would be in great danger. We can see here that the move xg2 can be considered a developing move in a more general sense, casting additional doubt over Aronian's 10...e4.}) 18. Bxf6 gxf6 19. cxd4 e5 20. Qxc8 Raxc8 21. d5 Na5 {Black has managed to exchange queens and enjoys the perspective of installing the knight on the excellent blockading d6-square. Besides, he has occupied the only open file already. Aronian probably hoped that all these aspects would compensate for the chronic weakness of his kingside, but Carlsen's subtle play will prove the contrary.} 22. h5 {Clearing the way for the knight towards f5.} Nc4 23. Nh4 Nd6 {Black's knight has succeded in occupying the optimal square first, but that is not the endof the story yet...} 24. h6 {This is Carslen's only debatable move in a generally marvellously played game. His desire to put the enemy king under the permanent threat of aback rank mate is understandable, but the c-file also deserved some attention.} (24. Rac1 $5 {h6 would have maintained his advantage intact.} Rxc1 (24... h6 25. Kf3 $16) 25. Rxc1 Nxe4 26. Rc7 $16) 24... Rc3 25. Rac1 Rfc8 $6 {Not sensing the danger.} ({He should have grabbed his chance to complicate matters with} 25... Nxe4 $5 26. Nf5 Rd8 (26... Rfc8 $2 27. Rxc3 Nxc3 28. Rc1 b5 29. Ne7 Rc4 30. d6 b4 31. a3 a5 32. axb4 axb4 33. d7 Rd4 34. Ra1 $18) 27. Rxc3 Nxc3 28. d6 b5 {and Black's achievements on the queenside seem to be a reasonable match for White's advantage on the other wing. However, the difference between the kings' activity can make itself felt after} 29. f4 e4 30. Kf2 $14 {when despite his extra-pawn Black is struggling.}) 26. Rxc3 Rxc3 {Black has obtained an active placement of his pieces and "only" needs to centralize his king in order to obtain an entirely viable position. Can White really prevent this?} 27. Nf5 $3 {A fantastic move, proving a very deep understanding of the position. White gives up the plan of installing a piece on f5 and provokes a radical modification of the structure. In doing so, he destroys Black's apparent stability in the centre and clears the e4-square for his own rook.} Nxf5 28. exf5 Kg8 (28... Rc7 29. Kf3 $16) (28... b5 29. Rb1 a6 30. a4 $16) 29. Re4 Kf8 (29... Rc7 30. Rg4+ Kh8 31. d6 Rd7 32. Rc4 Rd8 33. d7 $18) 30. Rg4 Rc7 31. Rg7 b5 32. Rxh7 Kg8 (32... b4 33. Rh8+ Ke7 34. h7 $18) 33. Rg7+ Kh8 {The king has been forced to the corner anyway. The fact that the threat of a back rank mate has been removed is a feeble consolation.} (33... Kf8 34. Rg4 Rc4 35. Rxc4 bxc4 36. d6 $18) 34. d6 Rd7 35. Kf3 $18 b4 36. Ke4 {[%cal Ye4c6]} Rxd6 37. Rxf7 Ra6 38. g4 Kg8 39. h7+ (39. Rg7+ Kh8 40. Rg6 {is also winning, but Carslen's method is more elegant.}) 39... Kh8 40. g5 fxg5 41. f6 {[%cal Ye4g6]} 1-0

[Event "Morelia/Linares 24th"]
[Site "Morelia/Linares"]
[Date "2007.03.07"]
[Round "12"]
[White "Topalov, Veselin"]
[Black "Carlsen, Magnus"]
[Result "1/2-1/2"]
[WhiteElo "2783"]
[BlackElo "2690"]
[Annotator "Marin,Mihail"]
[PlyCount "49"]
[EventDate "2007.02.17"]
[EventType "tourn"]
[EventRounds "14"]
[EventCountry "ESP"]
[EventCategory "20"]
[SourceTitle "CBM 117"]
[Source "ChessBase"]
[SourceDate "2007.03.30"]
[SourceVersion "1"]
[SourceVersionDate "2007.03.30"]
[SourceQuality "1"]

1. Nf3 {Yu,Yangyi} Nf6 2. c4 b6 3. g3 c5 4. Bg2 Bb7 5. O-O e6 6. Nc3 Be7 7. Re1 ({RR} 7. d4 cxd4 8. Qxd4 O-O 9. Rd1 d6 10. Bg5 ({RR} 10. e4 Nbd7 11. Qe3 Qc7 12. b3 Rad8 13. Nd4 Qb8 14. Bb2 Rfe8 15. Re1 Bf8 16. Qe2 a6 17. Rad1 Qa8 18. Nc2 Rc8 19. Nd4 Nc5 20. f3 h6 21. Qd2 Red8 22. Kh1 Qb8 23. Qe2 Re8 24. Nc2 Qa8) ({RR} 10. b3 Nbd7 11. Ba3 Nc5 12. b4 ({RR} 12. Qe3 a6 13. Rac1 Qc7 14. b4 Ncd7 15. b5 Nc5 16. Bb2 Rfd8 17. bxa6 Rxa6 18. Nb5 Qb8 19. a3 Ra4 20. Bh3 Nfe4 21. Bd4 h6 22. Bg2 Qa8 23. h4 Nf6 24. Ne1 Bxg2 25. Nxg2 Qc6 26. Bb2 d5) 12... Ncd7 13. Rac1 a6 14. Nd2 Bxg2 15. Kxg2 Qc7 16. Nde4 Rfc8 17. Nxd6 Bxd6 18. Qxd6 Qxd6 19. Rxd6 Rxc4 20. Na4 Rxc1 21. Bxc1 b5 22. Nc5 Nxc5 23. bxc5 Kf8 24. f3 Ke8) 10... Nc6 ({RR} 10... Nbd7 11. Nb5 d5 12. cxd5 Bxd5 13. Nc3 Bc6 14. Qc4 Qc8 15. Rac1 h6 16. Bxf6 Bxf6 17. e4 Ne5 18. Nxe5 Bxe5 19. f4 Bxc3 20. Qxc3 Bb5 21. Qa3 Qa6 22. Qxa6 Bxa6 23. e5 Rac8 24. Be4 Rxc1 25. Rxc1) 11. Qd2 ({RR} 11. Qf4 Qb8 12. Nb5 Ne5 13. Bxf6 Bxf6 14. Nxd6 Nxf3+ 15. Bxf3 Bxf3 16. Qxf3 Bxb2 17. Rab1 Be5 18. c5 Qc7 19. Qe4 Qxc5 20. Rbc1 Bxd6 21. Rxc5 Bxc5 22. Qd3 a5 23. a4 Rae8 24. Kg2 e5 25. Qe4 Re6) 11... Qb8 12. h3 Rd8 13. Rac1 h6 14. Be3 Rd7 15. b3 Qf8 16. Nd4 Nxd4 17. Bxd4 Bxg2 18. Kxg2 Rc8 19. e4 Ne8 20. Qe2 Bf6 21. Be3 Qe7) 7... d5 8. d4 ({The other possible move order is} 8. cxd5 Nxd5 9. e4 {. Topalov probably wanted to avoid} Nb4 (9... Nxc3 10. bxc3 O-O 11. d4 {leads to one of the main lines of the system based on e1, which is considered to favour White.}) 10. d4 cxd4 11. Nxd4 N8c6 {with simplifications, as, for instance, in Vallejo Pons,F (2674)-Van Wely,L (2648)/Khanty Mansyisk 2005/CBM 111/[Stohl] (½-½, 25).}) 8... dxc4 ({Carlsen has no intention to transpose to the aforementioned line with} 8... O-O 9. cxd5 Nxd5 10. e4) 9. dxc5 ({RR} 9. e4 cxd4 ({RR} 9... Nc6 10. d5 Nb4 11. Bg5 ({RR} 11. Qe2) ({RR} 11. Ne5) 11... O-O 12. d6 Qxd6 13. Qxd6 Bxd6 14. e5) 10. Nxd4 O-O 11. e5 Bxg2 ({RR} 11... Nd5 12. Qg4) 12. Kxg2 Nd5 ({RR} 12... Nfd7 13. Qg4) ({RR} 12... Ne8) 13. Qg4 Kh8 14. Rd1 Na6 15. Nf5 exf5 16. Qxf5 Nab4 17. Nxd5 Nd3 ({RR} 17... Nxd5 18. Qf3 Qc8 19. Rxd5 f6) 18. Nf4 g6 19. Qg4 ({RR} 19. Qe4 Nxf2 20. Rxd8 Nxe4 21. Rd4 f5) 19... Nxe5 20. Qe2 Nd3 ({RR} 20... Bd6 21. Bd2 Re8 ({RR} 21... Qd7 22. Bc3 Qc6+ 23. Nd5 f6 24. Qe4) 22. Bc3 f6 23. Nd5) ({RR} 20... Qb8 21. Nd5 Re8 22. b3 ({RR} 22. Bf4 Bf8 23. Rac1 Bg7) 22... Bf8 23. bxc4 Qb7 24. Bb2 Bg7) 21. Nxd3 cxd3 22. Rxd3 Qc7 23. Bh6 ({RR} 23. Qf3) 23... Rfe8 {Yu,Y (2753)-Jakovenko,D (2691) Hamburg 2019 CBM 193 [Yu,Yangyi] 1-0 (51)} ({RR} 23... Rfd8 24. Rc1 Qb7+ 25. Qf3 Qxf3+ 26. Rxf3 f5 27. Rc7)) ({RR} 9. e4 cxd4 10. Nxd4 O-O 11. Ndb5 a6 12. Qxd8 Rxd8 13. Nc7 Ra7 14. Bf4 Nh5 15. Be3 Bc5 16. Rad1 Rf8 17. Bf3 Bxe3 18. Rxe3 Nf6 19. Rd6 Bc6 20. e5 Bxf3 21. Rxf3 Nfd7 {0-1 (21) Tyurin,A (2261)-Wagh,S (2210) Paracin 2022}) 9... Bxc5 10. Qa4+ Nbd7 11. Qxc4 $146 (11. Ne5 Bxg2 12. Kxg2 O-O $2 (12... a6 13. Nxd7 Qxd7 14. Qxc4 O-O $11) 13. Rd1 $1 $16 {Garcia,R (2385)-Ricardi,P (2530)/Buenos Aires 1995/EXT 97 (½-½, 22)}) ({RR} 11. Ne5 Bxg2 12. Kxg2 O-O 13. Rd1 Nxe5 14. Rxd8 Rfxd8 15. Bg5 a6 16. Rd1 Rdc8 17. Bxf6 b5 18. Qc2 gxf6 19. Qc1 Bf8 20. Qf4 Bg7 21. g4 Ng6 22. Qg3 b4 {½-½ (22) Garcia,R (2385)-Ricardi,P (2530) Buenos Aires 1995}) ({RR} 11. Bg5 O-O 12. Red1 Qc8 13. e3 Bc6 14. Qxc4 Qb7 15. Bxf6 Nxf6 16. Ne1 Bxg2 17. Nxg2 Rac8 18. Qf4 Rfd8 19. Ne1 h6 20. Rac1 Be7 21. a4 a6 22. Qf3 Qxf3 23. Nxf3 Rxd1+ 24. Rxd1 Bb4 25. Na2 Be7 {Kamsky,G (2723)-Gashimov,V (2717) Sochi 2008 ½-½ (47)}) 11... O-O 12. Rd1 Rc8 {The position is characteristic for the Catalan Defence. Black has a normal development and has managed to neutralise the g2-bishop, but White's main hopes are connected with the relative weakness of the c6-square.} 13. Qh4 {A typical manoeuvre. White puts up some pressure on the enemy kingside.} Be7 {This might look like a loss of tempo, but in fact it will force White spend some time regrouping with his queen, too.} ({Besides, in the Catalan Black usually avoids such pins as} 13... Qe7 14. Bg5 {although things are not entirelyckear here:} h6 15. Rxd7 $5 (15. Bxh6 gxh6 16. Qxh6 Bxf2+ 17. Kf1 Qc5 $17 {Shipov}) 15... Qxd7 16. Bxf6 gxf6 17. Qxh6 (17. Qxf6 Bxf3 18. Bxf3 Qd4) 17... Qe7 $13 {and White has good compensation for the exchange, with virtually no risk tolose, but possibly not more than that.}) 14. Qh3 {This way of transferring the queen to the long diagonal is quite original.} Qe8 (14... Qc7 15. Bf4 Qc5 (15... e5 16. Bg5 {×d5}) 16. Rd2 $5 (16. Rac1 Qb4 $132) 16... Rfd8 17. Rad1 {maintains some pressure for White.}) (14... Rc5 {[%cal Yc5h5]} 15. g4 $5) 15. Nd4 Bxg2 16. Qxg2 Ne5 {A curious alignment of all knights on the long dark diagonal. From practical point of view, it is more important that the chances for the occupation of the c6-square are about equal.} 17. Qb7 {This queen incursion might be just premature.} ({Maybe White should have just continued his development with} 17. Bf4 {Possibly, Topalov feared that Black can take advantage of the slightly unnatural placement of the white queen by attacking the relatively vulnerable queenside with} Nc4 (17... Nfg4 $2 18. h3 $16) (17... Neg4 18. Ndb5 $14 {[%csl Ga7]}) {However, after} 18. b3 Nb2 (18... Ne3 19. Bxe3 Rxc3 {allows White increase his control over the c6-square with} 20. Rac1 Rxc1 21. Bxc1 $14) 19. Rdc1 {the b2-knight might get into trouble.}) 17... Bc5 {Carlsen decides to remove the danger of an invasion to c6 as in radical way.} 18. Bg5 {Curiously, Topalov refrains from employing one of his favourite methods of complicating the fight: the exchange sacrifice.} (18. Qxa7 Bxd4 19. Rxd4 Nc6 20. Qxb6 $44) 18... Nfg4 19. h3 Nc6 $1 20. hxg4 ({In case of} 20. Nxc6 {Black should refrain from delivering check with 20...xf2+, which just loses material to the calm 21.g2 and play} Nxf2 $1 {, when too many of White's pieces are hanging (the c6-knight, the g5-bishop, the d1-rook).}) 20... Bxd4 21. Nb5 Rb8 22. Qc7 Rc8 ({Black has no time to capture the b-pawn with} 22... Bxb2 {because of} 23. Nd6 {, trapping the queen.}) 23. Qb7 ({The main adherent to the Sofia rule cannot do anything against a peaceful end of the game before the 30th move.} 23. Qd6 {would be bad because, once the d6-square is occupied, Black could play} Bxb2 {already.}) ({The other queen retreat,} 23. Qf4 {leaves the bishop trapped after} f6) 23... Rb8 24. Qc7 Rc8 25. Qb7 1/2-1/2

[Event "EU-chT (Men) 20th"]
[Site "Reykjavik"]
[Date "2015.11.17"]
[Round "5.1"]
[White "Carlsen, Magnus"]
[Black "Pelletier, Yannick"]
[Result "0-1"]
[WhiteElo "2850"]
[BlackElo "2566"]
[PlyCount "118"]
[EventDate "2015.11.13"]
[EventType "team-swiss"]
[EventRounds "9"]
[EventCountry "ISL"]
[SourceTitle "CBM 170"]
[Source "ChessBase"]
[SourceDate "2016.01.15"]
[SourceVersion "1"]
[SourceVersionDate "2016.01.15"]
[SourceQuality "1"]
[WhiteTeam "Norway"]
[BlackTeam "Switzerland"]
[WhiteTeamCountry "NOR"]
[BlackTeamCountry "SUI"]
[WhiteClock "0:43:40"]
[BlackClock "0:08:29"]

1. c4 Nf6 2. Nc3 c5 3. Nf3 e6 4. g3 b6 5. Bg2 Bb7 6. O-O Be7 7. b3 O-O 8. Bb2 d6 9. d4 cxd4 10. Nxd4 Bxg2 11. Kxg2 Qc8 12. e4 ({RR} 12. e3 a6 13. f4 Ra7 14. Qf3 Rc7 15. Rac1 Nc6 16. Nxc6 Rxc6 17. f5 Rc5 18. g4 Qa8 19. Na4 Qxf3+ 20. Rxf3 Rc6 21. g5 Ne4 22. f6 Bd8 23. fxg7 Re8 24. h4 e5 25. Rf5 b5 26. Nc3 Nxc3 {Istratescu,A (2615)-Stefansson,H (2566) Bled 2002 ½-½}) ({RR} 12. Nf3 Nbd7 13. Rc1 a6 14. e4 Qb7 15. Qe2 Rac8 16. Kg1 Rc5 17. Rfd1 Rfc8 18. Ba3 R5c6 19. Nd4 R6c7 20. Nc2 b5 21. Bxd6 Bxd6 22. Rxd6 bxc4 23. b4 Ne5 24. a3 Nd3 25. Rd1 h5 26. Ne1 Ng4 {Razafindratsima,T (2495)-Vershinin,I (2241) chess.com INT 2025 0-1 (54)}) 12... Nc6 13. Rc1 Nxd4 $146 ({RR} 13... Qb7 14. Nxc6 Qxc6 15. Qd4 a6 16. f3 Qb7 17. a4 Rac8 18. Ba3 Rfd8 19. Rfd1 Ne8 20. Qe3 Bf6 {½-½ (20) Repin,O (2261)-Bystrov,N (2002) Nizhnij Novgorod 2012}) 14. Qxd4 Qb7 15. Rfd1 a6 16. Ba3 Rfd8 17. Qd3 Rd7 18. Qf3 Bf8 19. Rd4 d5 20. Bxf8 dxe4 21. Nxe4 Kxf8 22. Rxd7 Nxd7 23. c5 bxc5 24. Nxc5 Qxf3+ 25. Kxf3 Nb6 26. Ke4 Ke7 27. f4 a5 28. Nd3 Nd5 29. Rc5 Kd6 30. Kd4 f6 31. a4 Ne7 32. Rb5 Kc6 33. b4 Nf5+ 34. Kc3 axb4+ 35. Kxb4 Nd4 36. Rh5 h6 37. Rc5+ Kb6 38. Rc4 Nc6+ 39. Kc3 Rd8 40. Re4 Rd6 41. Re2 Ne7 42. Rb2+ Kc6 43. Rb8 Nd5+ 44. Kb3 Kc7 45. Rg8 Ne7 46. Rxg7 Rxd3+ 47. Kc4 Rd7 48. Rf7 f5 49. Rf6 Kd6 50. Rxh6 Rc7+ 51. Kb3 Nd5 52. Rh8 Rc3+ 53. Kb2 Re3 54. a5 Kc5 55. h4 Rxg3 56. h5 Rh3 57. h6 Nf6 58. a6 Kb6 59. Rd8 Ne4 0-1

[Event "Foros Aerosvit 3rd"]
[Site "Foros"]
[Date "2008.06.17"]
[Round "9"]
[White "Jakovenko, Dmitrij"]
[Black "Carlsen, Magnus"]
[Result "1/2-1/2"]
[WhiteElo "2711"]
[BlackElo "2765"]
[PlyCount "31"]
[EventDate "2008.06.08"]
[EventType "tourn"]
[EventRounds "11"]
[EventCountry "UKR"]
[EventCategory "19"]
[SourceTitle "CBM 125"]
[Source "ChessBase"]
[SourceDate "2008.07.30"]
[SourceVersion "1"]
[SourceVersionDate "2008.07.30"]
[SourceQuality "1"]

1. Nf3 Nf6 2. c4 c5 3. Nc3 e6 4. g3 b6 5. Bg2 Bb7 6. O-O Be7 7. b3 O-O 8. Bb2 d6 9. e3 Nbd7 10. d4 Ne4 11. Nxe4 Bxe4 12. Qe2 Qc7 13. Rfd1 Qb7 14. Ne1 Nf6 15. Rac1 cxd4 $146 ({RR} 15... Bxg2 16. Nxg2 Rac8 17. d5 exd5 18. Bxf6 Bxf6 19. Rxd5 Be7 20. Nf4 Rfe8 21. h4 Bf8 22. Rcd1 a6 23. Qc2 b5 24. Qd3 Rb8 25. Rc1 Qe7 26. Qd2 Qe4 27. Rd3 Qf3 28. Qd1 Qxd1+ 29. Rdxd1 Re4 30. Nd5 {Radulov,I (2465)-Ortega,L (2380) Cienfuegos 1980 0-1 (40)}) ({RR} 15... Bxg2 16. Nxg2 Qe4 17. f3 Qg6 18. e4 cxd4 19. Bxd4 e5 20. Be3 Nd7 21. Rd2 f5 22. exf5 Qxf5 23. f4 e4 24. Rd5 Qf7 25. Bd4 Rae8 26. Qxe4 Bf6 27. Qd3 Bxd4+ 28. Qxd4 Nf6 29. Rxd6 Re2 30. Rf1 {Nik,K (2076)-Kazarian,A (2096) Chess.com INT 2020 0-1 (39)}) 16. Bxd4 1/2-1/2

[Event "Tata Steel-A 73rd"]
[Site "Wijk aan Zee"]
[Date "2011.01.18"]
[Round "4"]
[White "Ponomariov, Ruslan"]
[Black "Carlsen, Magnus"]
[Result "1/2-1/2"]
[WhiteElo "2744"]
[BlackElo "2814"]
[PlyCount "63"]
[EventDate "2011.01.14"]
[EventType "tourn"]
[EventRounds "13"]
[EventCountry "NED"]
[EventCategory "20"]
[SourceTitle "CBM 141"]
[Source "ChessBase"]
[SourceDate "2011.03.17"]
[SourceVersion "1"]
[SourceVersionDate "2011.03.17"]
[SourceQuality "1"]

1. Nf3 Nf6 2. c4 b6 3. g3 c5 4. Bg2 Bb7 5. O-O e6 6. Nc3 d6 7. d4 cxd4 8. Nxd4 Bxg2 9. Kxg2 Qc7 ({RR} 9... a6 10. Bg5 Be7 11. Qa4+ Qd7 12. Rfd1 Ra7 13. Rd3 Rc7 14. Rad1 O-O 15. Bxf6 Bxf6 16. Qxd7 Nxd7 17. Nf3 Be7 18. Ne4 Nc5 19. Nxc5 Rxc5 20. Nd2 f5 21. e4 g6 22. b3 Kf7 23. a4 Rb8 24. Re1 {Bakre,T (2509)-Khismatullin,D (2667) Kavala 2010 ½-½ (42)}) 10. Bg5 ({RR} 10. Qd3 a6 11. f4 Nbd7 12. b3 Be7 13. Qf3 Rc8 14. g4 g6 15. g5 Nh5 16. Bd2 O-O 17. f5 Ne5 18. Qh3 Qb7+ 19. Kg1 d5 20. fxe6 Bc5 21. Be3 dxc4 22. bxc4 Nxc4 23. Rxf7 Rxf7 24. exf7+ Kh8 {Putrenko,K (2353)-Kaiyrbekov,R (2295) Yerevan ARM 2024 1-0 (58)}) 10... Nbd7 11. Qa4 $146 ({RR} 11. e4 a6 12. Re1 Be7 13. Nd5 exd5 14. exd5 Kf8 15. Nc6 Re8 16. f4 h6 17. Bh4 Ng8 18. Qd4 Bf6 19. Rxe8+ Kxe8 20. Re1+ Kf8 21. Bxf6 Ndxf6 22. b4 h5 23. h3 g6 24. a4 Kg7 25. Re8 Qd7 {Toro Diaz,F (2187)-Arancibia Guzman,E (2405) Maipu 2003 0-1 (32)}) 11... Be7 12. Rfd1 O-O 13. Nc6 Bd8 14. b4 Rc8 15. b5 Ne5 16. Bf4 Be7 17. c5 Nxc6 18. cxd6 Qb7 19. bxc6 Rxc6 20. dxe7 Rxc3+ 21. Kg1 Re8 22. Be5 b5 23. Rab1 Rc5 24. Bd4 Rd5 25. Qxa7 Qxe7 26. Qxe7 Rxe7 27. Bc3 h6 28. Rxd5 Nxd5 29. Bd4 b4 30. e4 Nc3 31. Rxb4 Nxa2 32. Rc4 1/2-1/2

[Event "Tata Steel-A 78th"]
[Site "Wijk aan Zee"]
[Date "2016.01.30"]
[Round "12"]
[White "So, Wesley"]
[Black "Carlsen, Magnus"]
[Result "1/2-1/2"]
[WhiteElo "2773"]
[BlackElo "2844"]
[PlyCount "55"]
[EventDate "2016.01.16"]
[EventType "tourn"]
[EventRounds "13"]
[EventCountry "NED"]
[EventCategory "20"]
[SourceTitle "CBM 171"]
[Source "ChessBase"]
[SourceDate "2016.03.14"]
[SourceVersion "2"]
[SourceVersionDate "2016.03.14"]
[SourceQuality "1"]

1. c4 c5 2. Nf3 Nf6 3. Nc3 e6 4. g3 b6 5. Bg2 Bb7 6. O-O Be7 7. Re1 d5 8. cxd5 Nxd5 9. e4 Nb4 10. d4 cxd4 11. Nxd4 N8c6 12. Nxc6 Qxd1 13. Rxd1 Bxc6 14. Rb1 ({RR} 14. a3 Nc2 15. Ra2 Rd8 16. Rxd8+ Bxd8 17. b4 Ne1 18. Bf1 Bf6 19. Bb5 Kd7 20. Bd2 Bxb5 21. Nxb5 a6 22. Bxe1 axb5 23. Rd2+ Kc6 24. f4 Ra8 25. e5 Be7 26. Rd3 Rd8 27. Rc3+ Kb7 28. Kf2 f6 {Le,Q (2694)-Ivanchuk,V (2754) Cap d'Agde 2010 ½-½ (37)}) ({RR} 14. Bf4 g5 15. Be5 f6 16. Bd6 Rd8 17. e5 Bxd6 18. exd6 Bxg2 19. Kxg2 Rd7 20. Rac1 Kf7 21. a3 Nc6 22. Ne4 Nb8 23. Rc7 Rhd8 24. b4 h6 25. b5 f5 26. Nd2 Kf6 27. Nc4 e5 28. Re1 Re8 {Sargsyan,S (2666)-Durarbayli,V (2612) chess.com INT 2025 1-0 (43)}) 14... Rd8 15. Rxd8+ Kxd8 $146 ({RR} 15... Bxd8 16. Bf4 Nd3 17. Bb8 Kd7 18. Bf1 Bf6 19. Bxa7 Nxb2 20. Rxb2 Bxc3 21. Rxb6 Ra8 22. Ra6 Bxe4 23. Bb5+ Kc8 24. Bb6 Rxa6 25. Bxa6+ Kd7 26. a4 Kc6 27. Be3 Kc7 28. Bb5 Bc6 29. Bxc6 Kxc6 30. Kf1 {Epishin,V (2657)-Ftacnik,L (2589) Germany 2000 ½-½ (39)}) 16. a3 Nd3 17. Be3 Kc7 18. f4 a5 19. e5 Rd8 20. Bxc6 Kxc6 21. Kf1 Bc5 22. Ke2 Bxe3 23. Kxe3 Nc5 24. Rc1 Rd3+ 25. Ke2 Rd4 26. Ke3 Rd3+ 27. Ke2 Rd4 28. Ke3 1/2-1/2